| 000 | 01435nam a2200241Ia 4500 | ||
|---|---|---|---|
| 999 |
_c52199 _d52199 |
||
| 001 | 19207 | ||
| 003 | GE_BSU | ||
| 005 | 20220921101201.0 | ||
| 008 | 181216s2012||||ge |||||||||||||| ||geo|| | ||
| 040 | _cGE_BSU | ||
| 041 | _ageo | ||
| 080 | _a94(479.22) ე-95 | ||
| 100 |
_aეცადეიშვილი, დავით _910419 |
||
| 245 |
_aეროვნულ - განმათავისუფლებელი მოძრაობა საქართველოში XX ს-ის II ნახევარში : დისერტაცია / _cდავით ეცადეიშვილი; მეცნ. ხელმძღვ. ო. გოგოლიშვილი; ბათუმის შოთა რუსთაველის სახ-ფო უნ-ტი. |
||
| 264 |
_aბათუმი : _bბათუმის შოთა რუსთაველის სახ. უნ-ტი, _c2012. |
||
| 300 |
_a146 გვ., _b30 სმ. |
||
| 653 | _aდისერტაცია | ||
| 653 | _aეთნოლოგია | ||
| 653 | _aეროვნულ-განმათავისუფლებელი მოძრაობა საქართველოში XX ს-ის II ნახევარში | ||
| 653 | _aისტორია | ||
| 700 |
_aგოგოლიშვილი, ო. _eმეცნ. ხელმძღვანელი _94429 |
||
| 942 |
_cBK _2udc |
||